La prevencin̤ del delito y del riesgo

Bibliographic Details
Format: Unknown
Language:Spanish
Published: [Madrid] : Dykinson, 2007
Subjects:
Online Access:Acceso restringido

MARC

LEADER 00000ny a22000003n 4500
005 2011061702572.0
008 080618s2007 sp s 000 0 spa c
020 |a 849849009X 
035 |a 1981 
040 |a UMA.RE  |d vLex 
080 |a 343.85(0.034) 
090 |c 845  |d 845 
245 0 3 |a La prevencin̤ del delito y del riesgo  |h [Recurso electrn̤ico] 
256 |a Servicio en ln̕ea 
260 |a [Madrid] :  |b Dykinson,  |c 2007 
506 1 |a Contenido solo disponible en los productos indicados  |d vLex Global  |d vLex Global (Academic Edition, excluding Law Schools)  |d vLex Global (U.S. Academic Edition, Law Schools)  |d vLex Global (U.S. Academic Edition, excluding Law Schools)  |d vLex Global (Academic Edition, Law Schools) 
650 0 7 |a Penal  |2 Tesauro vLex 
650 0 7 |a Delito  |2 Tesauro vLex 
650 0 7 |a Diligencias de prevencin̤ de delitos  |2 Tesauro vLex 
740 0 |a vLex Libros (Servicios en ln̕ea) 
856 4 0 |u http://vlex.com/source/1981  |z Acceso restringido 
942 |c BOOK 
999 0 |a Criminal Law  |b Madrid